000 00308nam a2200133Ia 4500
008 191201s2009 xx 000 0 und d
100 _aROBBINS,Stephen P
245 0 _aOrganizational Behavior
250 _a2nd IMP
260 _c2009
_bPearson
_aN. Delhi
300 _a782
650 _aMBA
942 _2ddc
_cBB
999 _c7353
_d7353